Tajná řeč broží : příběhy z mé šperkovnice / Madeleine Albrightová ... [et al.] ; fotografie John Bigelow Taylor ; výběr fotografií Dianne Dublerová ; [z anglického originálu přeložila Karina Matějů]
Record details
- ISBN: 978-80-7252-309-2
- Physical Description: 176 s. : il. (převážně barev.), portréty ; 25 cm
- Edition: Vyd. 1.
- Publisher: Praha : Práh, 2010
Search for related items by subject
| Genre: | autobiografie obrazové publikace autobiography pictorial works |
Available copies
- 1 of 1 copy available at Common Catalog SPOK.
Holds
- 0 current holds with 1 total copy.
Show Only Available Copies
| Location | Call Number / Copy Notes | Barcode | Shelving Location | Status | Due Date |
|---|---|---|---|---|---|
| The Jewish community of Prague | K 2819 | 4638301215 | K - Beletrie | Available | - |
Electronic resources
Version of Resource: Digitalizovaný dokument
| LDR | 03075nam a2200757 a 4500 | ||
|---|---|---|---|
| 001 | 54127 | ||
| 003 | CZ-PrJAB | ||
| 005 | 20180524111141.0 | ||
| 007 | ta | ||
| 008 | 101020s2010 xr ac e 000 0acze | ||
| 015 | . | ‡acnb002132783 | |
| 020 | . | ‡a978-80-7252-309-2 ‡q(váz.) | |
| 035 | . | ‡a(CZ PrNK)nkc20102132783 | |
| 035 | . | ‡a(OCoLC)713791025 | |
| 040 | . | ‡aOLA001 ‡bcze ‡dABA001 | |
| 041 | 1 | . | ‡acze ‡heng |
| 043 | . | ‡an-us--- | |
| 045 | . | ‡ax9y0 | |
| 072 | 7. | ‡a671 ‡xPředměty z drahých kovů ‡2Konspekt ‡919 | |
| 072 | 7. | ‡a929 ‡xBiografie ‡2Konspekt ‡98 | |
| 080 | . | ‡a929 ‡2MRF | |
| 080 | . | ‡a341.71-055.2 ‡2MRF | |
| 080 | . | ‡a354.11-055.2 ‡2MRF | |
| 080 | . | ‡a32-055.2 ‡2MRF | |
| 080 | . | ‡a327 ‡2MRF | |
| 080 | . | ‡a671.121.2 ‡2MRF | |
| 080 | . | ‡a671.12 ‡2MRF | |
| 080 | . | ‡a32.019.5:003.62 ‡2MRF | |
| 080 | . | ‡a069.5-027.551 ‡2MRF | |
| 080 | . | ‡a(73) ‡2MRF | |
| 080 | . | ‡a(092) ‡2MRF | |
| 080 | . | ‡a(084.11) ‡2MRF | |
| 245 | 0 | 0. | ‡aTajná řeč broží : ‡bpříběhy z mé šperkovnice / ‡cMadeleine Albrightová ... [et al.] ; fotografie John Bigelow Taylor ; výběr fotografií Dianne Dublerová ; [z anglického originálu přeložila Karina Matějů] |
| 250 | . | ‡aVyd. 1. | |
| 260 | . | ‡aPraha : ‡bPráh, ‡c2010 | |
| 300 | . | ‡a176 s. : ‡bil. (převážně barev.), portréty ; ‡c25 cm | |
| 600 | 1 | 7. | ‡aAlbright, Madeleine Korbel, ‡d1937-2022 ‡7jn19981000066 ‡2czenas |
| 648 | 4. | ‡a1993-2008 | |
| 648 | 7. | ‡a20. století ‡7ch460558 ‡2czenas | |
| 648 | 7. | ‡a20.-21. století ‡7ch462155 ‡2czenas | |
| 650 | 0 | 7. | ‡avelvyslankyně ‡7ph216808 ‡zSpojené státy americké ‡y20. století ‡2czenas |
| 650 | 0 | 7. | ‡aministryně zahraničí ‡7ph214671 ‡zSpojené státy americké ‡y20.-21. století ‡2czenas |
| 650 | 0 | 7. | ‡apolitičky ‡7ph216803 ‡zSpojené státy americké ‡y20.-21. století ‡2czenas |
| 650 | 0 | 7. | ‡adiplomacie ‡7ph119467 ‡zSpojené státy americké ‡y20.-21. století ‡2czenas |
| 650 | 0 | 7. | ‡abrože ‡7ph538783 ‡2czenas |
| 650 | 0 | 7. | ‡ašperky ‡7ph127871 ‡2czenas |
| 650 | 0 | 7. | ‡apolitická symbolika ‡7ph314850 ‡2czenas |
| 650 | 0 | 7. | ‡asoukromé sbírky ‡7ph135214 ‡zSpojené státy americké ‡2czenas |
| 650 | 0 | 9. | ‡aambassadress ‡zUnited States ‡y20th century ‡2eczenas |
| 650 | 0 | 9. | ‡aministress of foreign affairs ‡zUnited States ‡y20th-21st centuries ‡2eczenas |
| 650 | 0 | 9. | ‡awomen politicians ‡zUnited States ‡y20th-21st centuries ‡2eczenas |
| 650 | 0 | 9. | ‡adiplomacy ‡zUnited States ‡y20th-21st centuries ‡2eczenas |
| 650 | 0 | 9. | ‡abrooches ‡2eczenas |
| 650 | 0 | 9. | ‡ajewellery ‡2eczenas |
| 650 | 0 | 9. | ‡apolitical symbolism ‡2eczenas |
| 650 | 0 | 9. | ‡aprivate collections ‡zUnited States ‡2eczenas |
| 655 | 7. | ‡aautobiografie ‡7fd131855 ‡2czenas | |
| 655 | 7. | ‡aobrazové publikace ‡7fd132947 ‡2czenas | |
| 655 | 9. | ‡aautobiography ‡2eczenas | |
| 655 | 9. | ‡apictorial works ‡2eczenas | |
| 700 | 1 | . | ‡aAlbright, Madeleine Korbel, ‡d1937-2022 ‡7jn19981000066 ‡4aut |
| 700 | 1 | . | ‡aTaylor, John Bigelow, ‡d1950- ‡7xx0127001 ‡4pht |
| 765 | 0 | . | ‡tRead my pins ‡9Česky |
| 856 | 4 | 1. | ‡uhttp://krameriusndk.nkp.cz/search/handle/uuid:f07e2480-4f8a-11e8-afec-005056827e51 ‡yDigitalizovaný dokument |
| 910 | . | ‡aABE461 | |
| 995 | . | ‡aska | |
| 901 | . | ‡a54127 ‡bAUTOGEN ‡c54127 ‡tbiblio | |